| 000 | 00552nam a2200181Ia 4500 | ||
|---|---|---|---|
| 008 | 100917s9999 xx 000 0 und d | ||
| 082 | _b52462 | ||
| 100 | _aमुनेश्वर शशी | ||
| 245 | _aफिंगर प्रिन्टस्र | ||
| 260 |
_bकिरण प्रकाशन _c1981 |
||
| 300 | _a34 | ||
| 365 | _b10 | ||
| 520 | _aकविता | ||
| 630 | _aफिंगर प्रिन्टस्र | ||
| 650 | _aकविता | ||
| 730 | _aफिंगर प्रिन्टस्र | ||
| 942 | _cBOOK | ||
| 999 |
_c657856 _d657853 |
||